| Tag |
First Indicator |
Second Indicator |
Subfields |
| LEADER |
00000cam a22000005u 4500 |
| 001 |
in00002787550 |
| 005 |
20190331170719.0 |
| 006 |
m o d |
| 007 |
cr nn 008mam|a |
| 008 |
071014t2007 gw fo || 0 0 ||||| |
| 020 |
|
|
|a 9780784409145
|
| 035 |
|
|
|a (American Society of Civil Eng)10.1061/9780784409145
|
| 040 |
|
|
|d UtOrBLW
|
| 245 |
0 |
0 |
|a Probabilistic Applications in Geotechnical Engineering /
|c Edited by Kok-Kwang Phoon, Gordon A. Fenton, Edward F. Glynn, C. Hsein Juang, D. V. Griffiths, Thomas F. Wolff, Limin Zhang.
|
| 264 |
|
1 |
|a Reston, VA :
|b American Society of Civil Engineers,
|c 2007.
|
| 300 |
|
|
|a 1 online resource.
|
| 336 |
|
|
|a text
|b txt
|2 rdacontent
|
| 337 |
|
|
|a computer
|b c
|2 rdamedia
|
| 338 |
|
|
|a online resource
|b cr
|2 rdacarrier
|
| 490 |
1 |
|
|a Geotechnical Special Publications
|
| 500 |
|
|
|a Electronic resource.
|
| 653 |
|
|
|a Proceedings
|a Geo-Institute (G-I)
|a Geotechnics
|a Risk management
|
| 655 |
|
7 |
|a Electronic books.
|2 local
|
| 700 |
1 |
|
|a Phoon, Kok-Kwang.
|
| 700 |
1 |
|
|a Fenton, Gordon A.
|
| 700 |
1 |
|
|a Glynn, Edward F.
|
| 700 |
1 |
|
|a Juang, C. Hsein.
|
| 700 |
1 |
|
|a Griffiths, D. V.
|
| 700 |
1 |
|
|a Wolff, Thomas F.
|
| 700 |
1 |
|
|a Zhang, Limin.
|
| 730 |
0 |
|
|a ASCE Library.
|
| 830 |
|
0 |
|a Geotechnical Special Publications.
|
| 856 |
4 |
0 |
|u http://proxy.library.tamu.edu/login?url=http://ascelibrary.org/action/showBook?doi=10.1061%2F9780784409145
|z Connect to the full text of this electronic book
|t 0
|
| 999 |
|
|
|a MARS
|
| 999 |
f |
f |
|s 0a8b800c-6fc4-38a5-9755-3eda0bedecab
|i 0fbf87d7-2b39-3ac1-a9b3-a8460e219552
|t 0
|
| 952 |
f |
f |
|a Texas A&M University
|b College Station
|c Electronic Resources
|d Available Online
|t 0
|h No information provided
|
| 998 |
f |
f |
|t 0
|l Available Online
|